000 00423nam a2200157 4500
001 117896
003 ES-MaACL
005 20230906191006.0
007 t|
008 070214s1910 it r ||||1| ita d
100 1 _aPappalardo, Armando.
_988883
245 1 0 _aDizionario di scienze occulte /
_cArmando Pappalardo.
260 _aMilano :
_bHoepli,
_c1910.
300 _aVII, 348 p. ;
_c15 cm.
852 _aES-MaACL
_jD-4275
999 _c117896
_d117896